Statistics for Countries by Last Two Letters

Click here to take the quiz!

General Stats

  • This quiz has been taken 44,227 times
  • The average score is 12 of 24

Answer Stats

Last Two Letters Country % Correct
AQIraq
94%
ZEBelize
73%
PTEgypt
72%
WEZimbabwe
67%
LYItaly
62%
TUVanuatu
61%
OASamoa
59%
LUTuvalu
56%
RKDenmark
55%
ADChad
53%
VOKosovo
53%
SHBangladesh
50%
NYGermany
50%
UMBelgium
47%
ERNiger
42%
EYTurkey
42%
ELIsrael
40%
RGLuxembourg
38%
AMVietnam
37%
RYHungary
35%
GATonga
33%
HOLesotho
32%
BACuba
31%
NIEswatini
24%

Score Distribution

Percentile by Number Answered

Percent of People with Each Score

Your Score History

You have not taken this quiz